00551nam a2200193Ia 4500003000400000005001700004008004100021020001800062040001000080082001700090100002800107245005500135250000800190260004800198300004100246500003600287600001700323650001700340OSt20250526134348.0250506s9999 xx 000 0 und d a9789692100830 cAACR2 a362.1068 QID aQidwai, Minhaj A. , Dr. 2aA to Z Healthcare Quality: bquality is a mindset. a1st aKarachi:bParamount Books (Pvt.) Ltd,c2021 avii, 163p. : includes illustrations. aGifted by Dr. Minjaj A. Qidwai  aMedical care aMedical care